000 00461nam a2200193Ia 4500
005 20240823015610.0
008 240823s9999||||xx |||||||||||||| ||und||
020 _a81-7684-289-3
041 _aENGLISH
082 _A624 P5
100 _aHanda M
245 0 _aGATE MECH Mechanical Engineering
250 _a22nd
260 _c2005
_b"Satya Prakashan,New "
500 _aTRANSFERED
650 _aMechanical
_bMechanical
942 _cBK
999 _c172799
_d172799